Statistics for Religion in Ecuador

Click here to take the quiz!

General Stats

  • This quiz has been taken 39 times
  • The average score is 3 of 4

Answer Stats

PercentReligion% Correct
79%Catholic
100%
13%Protestant
76%
3%Other
74%
5%None
65%

Score Distribution

Percentile by Number Answered

Percent of People with Each Score

Your Score History

You have not taken this quiz